SISTEM RANGKA MANUSIA / (Record no. 204356)
[ view plain ]
| 000 -LEADER | |
|---|---|
| fixed length control field | 01265nam a2200361 ia4500 |
| 003 - CONTROL NUMBER IDENTIFIER | |
| control field | OSt |
| 005 - DATE AND TIME OF LATEST TRANSACTION | |
| control field | 20260518111856.0 |
| 008 - FIXED-LENGTH DATA ELEMENTS--GENERAL INFORMATION | |
| fixed length control field | 260518s2025 my a br 000 1 may d |
| 020 ## - INTERNATIONAL STANDARD BOOK NUMBER | |
| International Standard Book Number | 9786299990536 |
| Qualifying information | set |
| International Standard Book Number | 9786299990567 |
| Terms of availability | RM29.00 |
| Qualifying information | paperback |
| 040 ## - CATALOGING SOURCE | |
| Original cataloging agency | PPAK |
| Language of cataloging | eng |
| Transcribing agency | PPAK |
| Description conventions | rda |
| 082 04 - DEWEY DECIMAL CLASSIFICATION NUMBER | |
| Classification number | 499.2386 |
| Edition number | 23 |
| 090 00 - LOCALLY ASSIGNED LC-TYPE CALL NUMBER (OCLC); LOCAL CALL NUMBER (RLIN) | |
| Classification number (OCLC) (R) ; Classification number, CALL (RLIN) (NR) | 499.2386 |
| Feature heading | MIH |
| Feature heading | K |
| 100 0# - MAIN ENTRY--PERSONAL NAME | |
| Personal name | Mihasya Jon, |
| Relator term | author. |
| 245 10 - TITLE STATEMENT | |
| Title | SISTEM RANGKA MANUSIA / |
| Statement of responsibility, etc. | MIHASYA JON |
| 246 33 - VARYING FORM OF TITLE | |
| Title proper/short title | Siri sains sistem tubuh manusia : |
| Remainder of title | sistem rangka manusia |
| 264 #1 - PRODUCTION, PUBLICATION, DISTRIBUTION, MANUFACTURE, AND COPYRIGHT NOTICE | |
| Place of production, publication, distribution, manufacture | Petaling Jaya, Selangor : |
| Name of producer, publisher, distributor, manufacturer | KREATIF MEDIA RESOURCES, |
| Date of production, publication, distribution, manufacture, or copyright notice | 2025 |
| 300 ## - PHYSICAL DESCRIPTION | |
| Extent | 15 pages : |
| Other physical details | colour illustrations ; |
| Dimensions | 26 cm |
| 336 ## - CONTENT TYPE | |
| Content type term | text |
| Source | rdacontent |
| Content type term | still image |
| Source | rdacontent |
| 337 ## - MEDIA TYPE | |
| Media type term | unmediated |
| Source | rdamedia |
| 338 ## - CARRIER TYPE | |
| Carrier type term | volume |
| Source | rdacarrier |
| 490 1# - SERIES STATEMENT | |
| Series statement | SIRI SAINS SISTEM TUBUH MANUSIA |
| 500 ## - GENERAL NOTE | |
| General note | Includes questions and answers. |
| 650 10 - SUBJECT ADDED ENTRY--TOPICAL TERM | |
| Topical term or geographic name entry element | Malay language |
| Form subdivision | Readers |
| Topical term or geographic name entry element | Children's stories, Malay |
| Topical term or geographic name entry element | Human physiology |
| Form subdivision | Juvenile literature |
| Topical term or geographic name entry element | Human skeleton |
| Form subdivision | Juvenile literature |
| Topical term or geographic name entry element | Science |
| Form subdivision | Juvenile fiction |
| Topical term or geographic name entry element | Picture books for children |
| 830 #0 - SERIES ADDED ENTRY--UNIFORM TITLE | |
| Uniform title | Siri sains sistem tubuh manusia |
| 942 ## - ADDED ENTRY ELEMENTS (KOHA) | |
| Source of classification or shelving scheme | Dewey Decimal Classification |
| Koha item type | Book |
No items available.